| 000 | 00483nam a2200193Ia 4500 | ||
|---|---|---|---|
| 005 | 20240823053542.0 | ||
| 008 | 240823s9999||||xx |||||||||||||| ||und|| | ||
| 020 | _a978-93-5097-295-3 | ||
| 041 | _aENGLISH | ||
| 082 | _A658.1511 Q3 | ||
| 100 | _a"Gordon E etal.," | ||
| 245 | 0 | _aManagement Accounting | |
| 250 | _a1st | ||
| 260 |
_c2013 _b"Himalaya Publishing House, Bombay," |
||
| 500 | _aYES | ||
| 650 |
_aAccountancy _bManagement Studies |
||
| 942 | _cBK | ||
| 999 |
_c224416 _d224416 |
||